Investiční výstavba časopis Státního výboru pro výstavbu a Slovenského výboru pre výstavbu

Uložené v:
Podrobná bibliografia
Médium: Seriál
Jazyk:Czech
Slovak
Vydavateľské údaje: Praha VÚVA
Tagy: Pridať tag
Žiadne tagy, Buďte prvý, kto otaguje tento záznam!

MARC

LEADER 00000nas1a2200000$$$4500
001 0016884
005 20250730114821.3
041 0 |a cze 
041 0 |a slo 
044 |a CZ 
245 1 0 |a Investiční výstavba  |b časopis Státního výboru pro výstavbu a Slovenského výboru pre výstavbu 
264 1 |a Praha  |b VÚVA 
500 |a Časopis vychádzal do 31.12.1962 ako príl. k časopisu Výstavba a architektura